Un mundo incierto, un mundo para aprender y enseñar las transformaciones mundiales y su incidencia en la enseñanza de las ciencias sociales (Registro nro. 57678)
[ vista simple ]
| 000 -ENCABEZADO | |
|---|---|
| Número de control [NR] | 01388nam a2200325Ia 4500 |
| 008 - DE LONGITUD FIJA DE DATOS DE ELEMENTOS - INFORMACIÓN GENERAL | |
| Elementos de longitud fija [NR] | 130821s2007 ck ab gr spa |
| 020 ## - NUMERO INTERNACIONAL NORMALIZADO PARA LIBROS [R] | |
| Número Internacional Normalizado del libro [NR] | 9789588316437 |
| 020 ## - NUMERO INTERNACIONAL NORMALIZADO PARA LIBROS [R] | |
| Número Internacional Normalizado del libro [NR] | 9789588316444 |
| Términos de disponibilidad [NR] | v.1 |
| 020 ## - NUMERO INTERNACIONAL NORMALIZADO PARA LIBROS [R] | |
| Número Internacional Normalizado del libro [NR] | 9789588316451 |
| Términos de disponibilidad [NR] | v.2 |
| 040 ## - FUENTE DE CATALOGACION [NR] | |
| Agencia de catalogación original [NR] | Co-BoUCM |
| Idioma de catalogación [NR] | spa |
| 041 00 - CODIGO DE IDIOMA [R] | |
| Código de idioma para texto/pista de sonido o título separado [R] | Español |
| 100 1# - ASIENTO PRINCIPAL--NOMBRE PERSONAL [NR] | |
| Nombre personal [NR] | Vega Cantor, Renán |
| 245 13 - MENCION DE TITULO [NR] | |
| Título [NR] | Un mundo incierto, un mundo para aprender y enseñar las transformaciones mundiales y su incidencia en la enseñanza de las ciencias sociales |
| Mención de responsabilidad, etc. [NR] | René Vega Cantor ; coordinador Luis Eduardo Vásquez Salamanca |
| 260 ## - PUBLICACION, DISTRIBUCION, ETC. (PIE DE IMPRENTA) [R] | |
| Lugar de publicación, distribución, etc. [R] | Bogotá (Colombia) |
| Nombre del editor, distribuidor, etc. [R] | Universidad Pedagógica Nacional |
| Fecha de publicación, distribución, etc. [R] | 2007 |
| 300 ## - DESCRIPCION FISICA [R] | |
| Extensión [R] | 2 volúmenes |
| Otros detalles físicos [NR] | ilustraciones, mapas |
| 490 0# - MENCION DE SERIE [R] | |
| Mención de serie [R] | Colección ciencias sociales |
| 504 ## - NOTA DE BIBLIOGRAFIA, ETC. [R] | |
| Nota de bibliografía, etc. [NR] | |
| 505 0# - NOTA DE CONTENIDO CON FORMATO PREESTABLECIDO [R] | |
| Información miscelánea [R] | V.1 |
| State manifest and birth record (1764-1977). | Imperialismo, geopolítica y retórica democrática. -- |
| Información miscelánea [R] | V.2 |
| State manifest and birth record (1764-1977). | Capitalismo, tecnociencia y ecocidio planetario. |
| 650 04 - ASIENTO SECUNDARIO DE MATERIA - TERMINO TEMATICO [R] | |
| Término temático o nombre geográfico como elemento de entrada [NR] | Capitalismo |
| Subdivisión general [R] | Enseñanza |
| 9 (RLIN) | 10463 |
| 650 04 - ASIENTO SECUNDARIO DE MATERIA - TERMINO TEMATICO [R] | |
| Término temático o nombre geográfico como elemento de entrada [NR] | Ciencia política |
| Subdivisión general [R] | Investigaciones |
| 9 (RLIN) | 340 |
| 650 04 - ASIENTO SECUNDARIO DE MATERIA - TERMINO TEMATICO [R] | |
| Término temático o nombre geográfico como elemento de entrada [NR] | Ciencias sociales |
| Subdivisión general [R] | Enseñanza |
| 9 (RLIN) | 10815 |
| 650 04 - ASIENTO SECUNDARIO DE MATERIA - TERMINO TEMATICO [R] | |
| Término temático o nombre geográfico como elemento de entrada [NR] | Democracia |
| 9 (RLIN) | 12617 |
| 650 04 - ASIENTO SECUNDARIO DE MATERIA - TERMINO TEMATICO [R] | |
| Término temático o nombre geográfico como elemento de entrada [NR] | Geopolítica |
| Subdivisión general [R] | Enseñanza |
| 9 (RLIN) | 215 |
| 650 04 - ASIENTO SECUNDARIO DE MATERIA - TERMINO TEMATICO [R] | |
| Término temático o nombre geográfico como elemento de entrada [NR] | Imperialismo |
| 9 (RLIN) | 17199 |
| 650 04 - ASIENTO SECUNDARIO DE MATERIA - TERMINO TEMATICO [R] | |
| Término temático o nombre geográfico como elemento de entrada [NR] | Sociología |
| 9 (RLIN) | 386 |
| 700 1# - ASIENTO SECUNDARIO - NOMBRE PERSONAL [R] | |
| Nombre personal [NR] | Vásquez Salamanca, Luis Eduardo |
| Término de relación [R] | coordinador |
| 710 2# - ASIENTO SECUNDARIO - NOMBRE CORPORATIVO [R] | |
| Nombre corporativo o de jurisdicción como elemento de entrada [NR] | Universidad Pedagógica Nacional |
| 942 ## - ELEMENTOS DE ENTRADA AGREGADOS (KOHA) | |
| Tipo de ítem principal el descrito en 300a | Libro |
| Tema principal | Sociología |
| Edición | 1 |
| Parte restante de la signatura top. | V422m |
| Sistema de clasificación | DEWEY |
| Clasificación | 300.72 |
| Fecha de último préstamo | Total préstamos | Signatura topográfica | Código de barras | Última vez visto | Volúmen / Fascículo | Ejemplar | Price effective from | Tipo de ítem | Nota pública (OPAC) | Perdido | Sistema de clasificación | Dañado | No prestable | Tipo de ítem específico | Suprimido | Ubicación habitual | Ubicación actual | Localización | Fecha de creación | Forma de adquisición | Costo | Total Renewals |
|---|---|---|---|---|---|---|---|---|---|---|---|---|---|---|---|---|---|---|---|---|---|---|
| 22/01/2019 | 5 | 300.72 V422m | 100093820 | 03/12/2025 | V. 2 | Ej.1 | 03/02/2013 | Libro | Spot de Investigación | DEWEY | Libro | Claustro | Claustro | 3er piso - Research commons | 28/02/2013 | Donación | 26000.00 | |||||
| 22/01/2019 | 13 | 300.72 V422m | 100092940 | 03/12/2025 | V. 1 | Ej.1 | 03/02/2013 | Libro | Spot de Investigación | DEWEY | Libro | Claustro | Claustro | 3er piso - Research commons | 28/02/2013 | Donación | 26000.00 | 1 |